Born in Liverpool - Statistics

General Stats
  • This quiz has been taken 63 times
    15 since last reset
  • The average score is 12 of 28
Answer Stats
Hint Answer % Correct
Co-lead vocalist, co-songwriter and bassist of The Beatles 1942 Paul McCartney
100%
Drummer of The Beatles 1940 Ringo Starr
100%
Lead guitarist of The Beatles 1943 George Harrison
93%
Co-founder, co-lead vocalist and co-songwriter of The Beatles 1940 John Lennon
93%
Coach of Plymouth Argyle and record goalscorer for Manchester United and the English national team 1985 Wayne Rooney
64%
Footballer who plays for Barcelona and the English national team 2001 Anthony Gordon
57%
Manager of The Beatles from 1962 until his death in 1967 1934 Brian Epstein
57%
Footballer who plays for Liverpool and the English national team 2001 Curtis Jones
57%
Actress, "Killing Eve" "The Last Duel" "Free Guy" 1993 Jodie Comer
50%
Heptathlete, double world champion and Olympic silver medalist 1993 Katarina Johnson-Thompson
50%
Footballer who plays for Liverpool and the English national team 1998 Trent Alexander-Arnold
50%
Footballer who plays for West Ham United and the English national team 1989 Aaron Cresswell
43%
British-Canadian actress, known for her role as Samantha Jones in "Sex and the City" 1956 Kim Cattrall
43%
Footballer who plays for Manchester City and the English women's national team 1993 Alex Greenwood
36%
Footballer who plays for Arsenal and the English women's national team 1994 Nikita Parris
36%
Footballer who plays for Aston Villa and the English national team 1993 Ross Barkley
36%
West End theatre producer and chairman of Everton 1945 Bill Kenwright
29%
Orchestra conductor and music director of the London Symphony Orchestra since 2017 1955 Simon Rattle
29%
Actor, known for portraying Doctor Who from 1974 to 1981 1934 Tom Baker
29%
Actor, "Harry Potter" "The Patriot" "Peter Pan" "Sex Education" 1963 Jason Isaacs
21%
Actor, best known for portraying the eighth incarnation of Doctor Who 1959 Paul McGann
21%
Inventor of the modern crossword puzzle 1871 Arthur Wynne
14%
Actor, known for his role as Professor Quirrell in "Harry Potter and the Philosopher's Stone" 1964 Ian Hart
14%
Actor, known for his role as Gendry Baratheon in "Game of Thrones" 1987 Joe Dempsie
14%
Secretary of State for Education since 2022 1966 Kit Malthouse
14%
Biochemist, who received a Nobel Prize in Chemistry for the invention of partition chromatography 1914 Richard L. M. Synge
14%
News anchor for CNN International and editor-at-large of CNN Business 1962 Richard Quest
14%
Founding Father of the United States, "Financier of the Revolution" 1734 Robert Morris
14%
No matching quizzes found
Score Distribution
Percent of People with Each Score
Percentile by Number Answered
Your Score History
You have not taken this quiz since the last reset